Score 0/32 Timer 04:00
1 Play Today
Clue Word % Correct
Jaws was oneSHARK
90.3%
DreamWorks ogreSHREK
87.5%
Burn a distinctive mark into cattleBRAND
86.6%
Fair hairedBLOND
85.5%
Moby Dick was oneWHALE
80.1%
Flat handed blows to the faceSLAPS
75.7%
Obstruction in a pipe or tubeBLOCK
70.5%
Communicate verballySPEAK
69.3%
Character in Star Trek SPOCK
68.1%
Lacking freshnessSTALE
67.3%
It's used to make breadFLOUR
67%
Opening for pouring liquidSPOUT
64.3%
The beginning of somethingSTART
64.1%
Vertical passage into a mineSHAFT
63.5%
Trousers worn by ranch hands CHAPS
62%
Seat for one personCHAIR
61.9%
Clue Word % Correct
Rectangular building component BRICK
57.4%
Not tense or tautSLACK
57%
Great flow of waterFLOOD
47.4%
Walk with a lofty proud gaitSTRUT
45.5%
Sit on (eggs)BROOD
45.4%
A natural talent you possessFLAIR
44.7%
A hard, heavy blowWHACK
35.1%
Having a smooth, gleaming surfaceSLEEK
33.3%
Skill in an occupation or tradeCRAFT
32.8%
A mission or pursuitQUEST
29.2%
Top line of a hillCREST
27.8%
To pay out (money)SPEND
26.3%
Question to be answered or solvedQUERY
15%
A quick, light blowFLICK
13%
Passionate; intensely hotFIERY
12.7%
Evil spirit or demonFIEND
9.9%

Today's Daily Dose

Missing Word
'T' Pairs

Word Ladder
Game Pieces

Get the Picture
Baseball Movies

Remove Ads.
Support Sporcle.
Get the best of Sporcle when you Go Orange. This ad-free experience offers more features, more stats, and more fun while also helping to support Sporcle. Thank you for becoming a member.

You're not logged in!

Compare scores with friends on all Sporcle quizzes.
OR
Log In

Show Comments

Extras

Top Quizzes Today


Score Distribution

Your Account Isn't Verified!

In order to create a playlist on Sporcle, you need to verify the email address you used during registration. Go to your Sporcle Settings to finish the process.

Report this User

Report this user for behavior that violates our Community Guidelines.

Details: